[Event "EWCCC Online Preliminary-D 2020"]
[Site "Online"]
[Date "2020.12.19"]
[Round "8.2"]
[White "Mammadzada, Gunay"]
[Black "Koridze, Lile"]
[Result "0-1"]
[WhiteElo "2443"]
[BlackElo "2016"]
[Annotator "TA"]
[PlyCount "80"]
[EventDate "2020.12.19"]
[EventType "team-tourn"]
[EventCountry "NET"]
[SourceTitle "playchess.com"]
[Source "ChessBase"]
[SourceQuality "1"]

{[%evp 20,80,31,34,27,29,30,36,36,25,34,21,51,44,54,0,0,-75,-13,-33,-37,-31,-30,-57,-15,-22,0,-87,-82,-175,-166,-140,-145,-171,-130,-149,-97,-145,27,37,91,91,95,91,91,80,92,-98,-88,-81,-77,-131,-116,-277,-250,-450,-445,-429,-429,-1170,-1131,-1139,-564]} 1. e4 c5 2. Nf3 d6 3. d4 cxd4 4. Nxd4 Nf6 5. Nc3 Nc6 6. f3 e5 7. Nb3 Be7 8. Be3 O-O 9. Qd2 a5 10. Bb5 Be6 11. O-O-O Qc7 {B56: Classical Sicilian: Unusual Lines.} 12. Kb1 Na7 13. Bxa7 Rxa7 {White is slightly better.} 14. Qe3 Raa8 {[#]} 15. Rd3 $146 ({Predecessor:} 15. Rd2 Nd7 16. Bxd7 Qxd7 17. Nc5 Qc6 18. Nxe6 fxe6 19. a4 Rfc8 20. Nb5 Qc4 21. b3 {1-0 (48) Popov,I (2581)-Tu,H (2416) Ho Chi Minh City 2019}) 15... Rfc8 16. a4 Nd7 17. Bxd7 (17. g3 $14) 17... Qxd7 $11 18. Qb6 (18. Nd2 $1 $11 {remains equal.}) 18... Rc6 (18... Qc6 $17 19. Qe3 f5) 19. Qf2 Bc4 $36 {[%mdl 2048] Black has the initiative.} 20. Rd2 Bg5 21. Rdd1 Qc7 22. g3 Rb8 23. f4 {[#]} (23. Nd5 $11 Bxd5 24. Rxd5) 23... Bf6 $1 $17 24. f5 {[#]} (24. fxe5 $17 Bxe5 25. Nd4) 24... b5 $1 $19 {[%cal Rb5a4]} 25. axb5 Bxb5 26. Nd5 Qd8 27. Nd2 a4 ({Better is} 27... Qc8 28. Rc1 Qb7) 28. Rc1 a3 $2 (28... Bg5 $17 {aiming for ...Qa5.} 29. Rcd1 Bxd2 30. Qxd2 Bc4) 29. b3 $1 $11 Rc5 ({Black should try} 29... a2+ $14 30. Kxa2 Bg5) 30. Ka2 $16 Bc6 31. c4 Bxd5 32. exd5 Qb6 {White must now prevent ...Rxd5!} 33. Rb1 $2 {[#]} (33. Rhd1 $16) 33... Rxd5 $1 $17 {[%mdl 512]} 34. Qe2 (34. cxd5 Qxf2) 34... Ra5 35. Ne4 (35. Rhd1 $142) 35... d5 36. b4 $2 {This costs White the game.} (36. cxd5 $17 Rxd5 37. Rhd1 Rxd1 38. Qxd1) 36... Ra4 $19 ({Avoid the trap} 36... dxe4 $2 37. bxa5 Qd6 38. Rxb8+ Qxb8 39. Rb1 $18 (39. Kxa3 Be7+ 40. Ka2 Qb4 $11)) 37. cxd5 $2 (37. Nc3 Rxb4 38. Rxb4 Qxb4 {[%mdl 64] Double Attack} 39. Rb1 Qxb1+ {[%mdl 64] Remove Defender, Decoy} 40. Nxb1 Rb2+ 41. Qxb2 axb2 42. Kxb2) 37... Rxb4 {Black is clearly winning.} 38. Rxb4 Qxb4 39. Rc1 (39. Qc2 $142 Qd4 40. Rb1 Qxd5+ 41. Rb3) 39... Qb3+ {[%mdl 64] Double Attack} 40. Ka1 Qb2+ {[%mdl 64] Double Attack.  Weighted Error Value: White=0.58/Black=0.22} 0-1

[Event "EWCCC Online Preliminary-D 2020"]
[Site "Online"]
[Date "2020.12.19"]
[Round "8.2"]
[White "Balajayeva, Khanim"]
[Black "Pipia, Ekaterine"]
[Result "1-0"]
[WhiteElo "2376"]
[BlackElo "2019"]
[Annotator "TA"]
[PlyCount "73"]
[EventDate "2020.12.19"]
[EventType "team-tourn"]
[EventCountry "NET"]
[SourceTitle "playchess.com"]
[Source "ChessBase"]
[SourceQuality "1"]

{[%evp 15,73,32,43,67,107,47,316,307,301,300,283,133,343,284,273,244,239,253,297,52,44,62,47,52,43,48,169,167,170,168,168,170,169,172,169,168,193,168,167,167,166,167,159,159,169,157,200,180,806,790,800,788,1139,1097,12811,6569,5901,10714,1743,1613]} 1. e4 c5 2. c3 d5 3. exd5 Qxd5 4. d4 Nc6 5. Nf3 Bg4 6. Be2 e6 7. h3 Bh5 8. c4 Qd8 {[%cal Rc5d4]} 9. d5 {B22: Sicilian: 2 c3.} exd5 10. cxd5 (10. g4 $16 Bg6 11. cxd5) 10... Nb8 $2 {[%mdl 8192]} (10... Bxf3 $14 11. Bxf3 Nd4) 11. Bb5+ {White has a decisive advantage.} Nd7 {[#]} 12. g4 $1 Bg6 13. Qe2+ {[#]} (13. Ne5 $18 {has better winning chances.} Ngf6 14. Bg5) 13... Be7 $146 (13... Qe7 $16 {keeps fighting.}) ({Predecessor:} 13... Qe7 14. Ne5 Ngf6 15. Bg5 O-O-O 16. Bxd7+ Rxd7 17. Nxd7 Qxd7 18. Nc3 Bd6 19. O-O-O h5 {1-0 (51) Trefilov,A (2220)-Solovjev,N (2311) Nizhnij Tagil 2014}) 14. d6 {[%mdl 64] Pin} a6 15. Bxd7+ Qxd7 16. dxe7 Nxe7 17. O-O $2 ({White should play} 17. Ne5 $18 Qd5 18. O-O) 17... Bd3 $14 18. Qd2 {[#] Strongly threatening Ne5.} Bxf1 19. Qxd7+ Kxd7 20. Kxf1 Nc6 {White stays focused until the end.} (20... b6 $14) 21. Nc3 $18 Nd4 22. Nxd4 cxd4 23. Ne2 d3 24. Nf4 Rhd8 25. Nxd3 Ke7 26. Ke2 f6 27. Be3 Rac8 28. Rc1 Rxc1 29. Bxc1 Rd5 30. Be3 Ra5 31. a3 Rb5 $2 (31... Rd5 32. b4 Kd7 33. Nc5+ Kc6) 32. Bc5+ {White is clearly winning.} Ke6 33. b4 b6 34. a4 bxc5 35. axb5 axb5 36. Nxc5+ Kd5 37. Kd3 {Weighted Error Value: White=0.37/Black=0.65} 1-0

[Event "EWCCC Online Preliminary-D 2020"]
[Site "Online"]
[Date "2020.12.19"]
[Round "8.2"]
[White "Lomaia, Diana"]
[Black "Fataliyeva, Ulviyya"]
[Result "1/2-1/2"]
[WhiteElo "1946"]
[BlackElo "2301"]
[Annotator "TA"]
[PlyCount "118"]
[EventDate "2020.12.19"]
[EventType "team-tourn"]
[EventCountry "NET"]
[SourceTitle "playchess.com"]
[Source "ChessBase"]
[SourceQuality "1"]

{[%evp 13,118,15,12,-2,-7,0,0,-6,-2,0,20,10,18,0,4,0,72,70,48,70,80,62,41,30,61,32,30,30,29,11,27,12,21,-12,-7,-16,-31,-63,0,-46,-29,-28,-33,-38,0,-22,-13,-75,-39,-36,-16,-59,-19,-25,-16,-21,0,-76,0,0,0,0,0,0,0,0,0,-1,-2,-2,0,0,0,-58,-58,-58,0,0,0,0,0,0,0,0,0,0,0,0,0,0,0,0,0,-12,-8,-27,-21,-19,0,0,0,-8,0,-8,0,-20,0]} 1. d4 d5 2. c4 e6 3. Nf3 a6 4. g3 dxc4 5. a4 Nc6 6. Bg2 Rb8 7. O-O Nf6 8. Qc2 {E04: Open Catalan: 5 Nf3.} b5 9. axb5 axb5 10. b3 {[#]} Nb4 $146 ({Predecessor:} 10... Nxd4 11. Nxd4 Qxd4 12. Bb2 cxb3 13. Qxc7 Qd6 14. Be5 Qxc7 15. Bxc7 Rb7 16. Bxb7 Bxb7 {½-½ (26) Kawuma,P (2167)-Chua Jing Yuan,C Shenzhen 2011}) 11. Qb2 cxb3 12. Qxb3 Bb7 13. Ba3 Bd5 14. Qb2 Nc6 (14... Nd3 $11 {remains equal.} 15. Qd2 (15. exd3 b4 $11) 15... b4) 15. Bxf8 $16 Kxf8 16. Nbd2 Ne4 17. Nxe4 $1 Bxe4 18. Rfd1 Ne7 19. Nh4 Bxg2 20. Nxg2 h5 21. h4 Nf5 22. e4 Nd6 23. Qb4 {Black must now prevent e5.} Kg8 24. d5 e5 25. Qc3 Nc4 (25... Qe7 $15) 26. Rab1 Rh6 27. Ne3 Nxe3 28. Qxe3 Rhb6 29. Rb4 c6 30. Rbb1 (30. Qc5 $11) 30... Qd6 31. dxc6 $1 Qxc6 32. Rdc1 Qf6 33. Rb4 Qd6 34. Qc3 g6 35. Kg2 {[#]} (35. Qb2 $11 {keeps the balance.}) 35... Kh7 ({Black should try} 35... Rc6 $1 $17 {[%cal Rc6c3][%mdl 512]} 36. Qxc6 Qxb4) 36. Rcb1 Qe6 37. Qc5 Rc8 38. Qe3 $1 Qc6 39. Qd3 Rcb8 40. Kh2 R6b7 41. Qe2 Qc5 42. R1b2 Rb6 (42... f6 {with more complications.} 43. Kg2 Qc6 44. Rc2 Qd6 45. Rcb2 Qd7) 43. Qc2 (43. Kg2 $11) 43... Qxc2 $15 44. Rxc2 {[%mdl 4096] Endgame KRR-KRR} f6 ({Better is} 44... Ra8 $15 45. Rcb2 Ra5) 45. Rc5 $11 R8b7 46. Kg2 Kg7 47. Rd5 Kf7 48. Kf3 Ke6 49. Ke3 f5 50. f3 Rb8 51. Rc5 Kf6 52. f4 exf4+ 53. Kxf4 fxe4 54. Kxe4 Re8+ 55. Kf4 {The position is equal.} Reb8 56. Rd5 R8b7 57. Rc5 Rb8 58. Rd5 R8b7 59. Rc5 Rb8 {Weighted Error Value: White=0.14/Black=0.12} 1/2-1/2

[Event "EWCCC Online Preliminary-D 2020"]
[Site "Online"]
[Date "2020.12.19"]
[Round "8.2"]
[White "Esadze, Tamari"]
[Black "Mammadova, Gulnar"]
[Result "0-1"]
[WhiteElo "1889"]
[BlackElo "2382"]
[Annotator "TA"]
[PlyCount "76"]
[EventDate "2020.12.19"]
[EventType "team-tourn"]
[EventCountry "NET"]
[SourceTitle "playchess.com"]
[Source "ChessBase"]
[SourceQuality "1"]

{[%evp 12,76,25,27,27,28,25,23,16,0,0,-3,-17,-24,-11,-13,12,-82,-81,-106,-89,-109,-101,-117,-115,-129,-127,-122,-105,-135,-124,-134,-116,-166,-118,-216,-201,-201,-184,-314,-167,-173,-122,-154,-168,-372,-381,-390,-388,-650,-655,-631,-641,-888,-886,-841,-826,-1356,-1329,-1275,-1244,-1462,-1475,-1419,-1354,-1246,-983]} 1. e4 e6 2. d4 d5 3. Nd2 a6 4. Ngf3 c5 5. exd5 exd5 6. dxc5 Bxc5 7. Bd3 Qe7+ {C08: French Tarrasch: 3...c5 4 exd5 exd5 sidelines.} 8. Qe2 Nc6 {[%cal Bb8c6,Bc6b4,Bb4d3][%mdl 32]} 9. Qxe7+ Ngxe7 {White has an edge.} 10. O-O Nb4 {[#]} 11. Nb3 $146 ({Predecessor:} 11. Re1 O-O 12. Nb3 Nxd3 13. cxd3 Bd6 14. d4 b6 15. Bf4 Bxf4 16. Rxe7 Bd6 17. Re3 {½-½ (24) Rodriguez,R-Colorado,J Spain 1993}) 11... Nxd3 12. cxd3 Bd6 13. Be3 Bf5 14. d4 (14. Rac1 $11 {keeps the balance.}) 14... f6 15. Rac1 Kf7 16. Rfd1 b6 17. h3 g5 18. Nh2 h5 19. Nf1 h4 20. Nh2 Bd7 21. Re1 Ng6 22. Bd2 a5 23. Be3 (23. Ng4 $17 {was called for.}) 23... Nf4 $19 {Strongly threatening ...Nd3.} 24. Rcd1 Rac8 25. Nf3 (25. Bxf4 {was necessary.} Bxf4 26. Nc1) 25... a4 (25... g4 $142 26. Bxf4 Bxf4 27. hxg4 Bxg4) 26. Nc1 Ne6 ({Black should play} 26... Bf5 $19 {Threatens to win with ...Bc2.} 27. Bxf4 Bxf4) 27. Nd3 Bb5 28. Bc1 $2 {[#]} (28. Rd2 {might work better.}) 28... Rc2 29. a3 Rhc8 {White must now prevent ...Bxd3.} 30. Nb4 $2 (30. Be3) 30... Bxb4 {Black is clearly winning.} 31. axb4 Be2 32. Rd2 Bxf3 33. Rxc2 Rxc2 34. gxf3 Nxd4 {KRB-KRN} 35. Kg2 Nb3 36. Be3 d4 37. Bxd4 Nxd4 38. Rd1 Rc4 {Weighted Error Value: White=0.63/Black=0.14} 0-1

[Event "EWCCC Online Preliminary-D 2020"]
[Site "Online"]
[Date "2020.12.19"]
[Round "8.3"]
[White "Matnadze, Ana"]
[Black "Narva, Mai"]
[Result "1-0"]
[WhiteElo "2421"]
[BlackElo "2276"]
[Annotator "TA"]
[PlyCount "123"]
[EventDate "2020.12.19"]
[EventType "team-tourn"]
[EventCountry "NET"]
[SourceTitle "playchess.com"]
[Source "ChessBase"]
[SourceQuality "1"]

{[%evp 23,123,18,19,14,0,-11,0,-9,-1,-28,-14,-77,-47,-49,-35,-27,21,10,25,10,4,0,0,0,37,18,6,0,82,-10,77,20,147,60,169,156,215,158,214,0,4,0,0,-67,-60,-102,-102,-126,-107,-439,-443,-487,-448,-475,-152,-182,-179,-163,-54,-43,-32,-45,-1,-95,-99,-72,-104,-135,0,0,0,0,0,0,0,-172,320,322,296,285,266,194,562,557,541,541,496,524,527,507,743,727,447,144,748,156,6250,1921,12841,12844,12844,12845]} 1. d4 Nf6 2. Nf3 e6 3. c4 Bb4+ 4. Bd2 Qe7 5. g3 O-O 6. Bg2 Bxd2+ 7. Nbxd2 d6 8. O-O e5 9. e4 a5 10. b3 Nc6 11. d5 Nb4 12. a3 Na6 13. Qc2 {E11: Bogo-Indian.} c6 {[#]} 14. Rae1 $146 ({Predecessor:} 14. Qc3 Bd7 15. Nh4 Qd8 16. Rfe1 Qb6 17. Qe3 Qxe3 18. Rxe3 Rfc8 19. Nf5 Bxf5 20. dxc6 bxc6 21. exf5 {½-½ (84) Pham,C (2322)-Antonio,R (2551) Phu Quoc 2007}) 14... Bd7 15. Nh4 {The position is equal.} Rfc8 16. Qb1 Rab8 17. h3 (17. f4 $11 {keeps the balance.}) 17... b5 18. dxc6 Rxc6 {Strongly threatening ...bxc4.} 19. Nf5 Bxf5 (19... Qd8 {is interesting.} 20. cxb5 Rxb5 21. Qd3 Rb8 22. Rc1 Nc5) 20. exf5 Rcc8 21. Qd1 Nc5 22. Re3 b4 23. a4 h6 24. g4 Rd8 25. Qe2 Qc7 (25... Nfd7 $11) 26. Rd1 (26. h4 $16) 26... Re8 (26... d5 $11) 27. Nf1 (27. h4 $16) 27... Re7 (27... Qe7 $11) 28. Ng3 (28. h4 $1 $16) 28... Rbe8 (28... g5 $1 $14) 29. h4 $1 $18 Nh7 (29... g5 $16) 30. Nh5 Qd8 {[#]} (30... e4 $16 31. g5 hxg5) 31. Rh3 $2 ({White should try} 31. g5 $1 $18 {[%mdl 512]} g6 (31... hxg5 32. hxg5) 32. Bd5 (32. gxh6 gxh5 33. Bc6 Rf8 $17) 32... gxh5 33. Qxh5) 31... e4 $1 $11 32. Nf4 Re5 33. Qd2 (33. Qe3 $1 $11) 33... Nf6 34. g5 hxg5 35. hxg5 Ng4 36. g6 $2 {[%mdl 8192]} (36. Qxd6 $2 Qxg5 37. Ne2 Nd3 $19) (36. f6 $17) 36... Rxf5 $19 37. gxf7+ Kxf7 38. Rg3 Qg5 $2 (38... Qh4 $19 39. Qxd6 Ne6 40. Rxg4 Qxg4 41. Nxe6 Rxe6 42. Qc7+ Kg6) 39. Nh3 Qxd2 40. Rxd2 e3 (40... Nf6 $1 $19 {...Ree5 is the strong threat.} 41. Rxd6 Ree5) 41. fxe3 $15 Nxe3 ({Much worse is} 41... Nxb3 $6 42. Rxd6 Nxe3 43. Ng5+ Kf8 44. Ne6+ Rxe6 45. Rxe6 $14) 42. Ng5+ $1 Kf8 43. Rxd6 (43. Bh3 $1 $11 {remains equal.}) 43... Nxg2 $17 44. Kxg2 Re2+ 45. Kh3 {[#]} Ree5 (45... Nxb3 $1 $17 {[%mdl 512]} 46. Rd8+ (46. Kg4 Rfe5 $17) (46. Rxb3 Rxg5) 46... Ke7) 46. Rg6 $11 Re7 47. Rc6 Ke8 48. Rb6 Nxb3 {aiming for ...Nc5.} 49. Ne6 $2 (49. Rb8+ $11 {and White is okay.} Kd7 50. Rb7+ Ke8 51. Rb8+ Kd7 52. Rb7+ Ke8 53. Rb8+) 49... Kd7 $4 {[%mdl 8192]} (49... Re5 $19 {and life is good for Black.} 50. Nxg7+ Kd8) 50. Rd3+ $18 ({Not} 50. Nxg7 Rc5 $11) 50... Ke8 51. Rxb3 Re5 52. Rb8+ Kf7 $2 (52... Kd7 {is more resistant.}) 53. Nd8+ Kf6 54. Rf3+ Rf5 55. Rb6+ Kg5 56. Rg3+ Kf4 {White must now prevent ...Rh5+.} 57. Ne6+ Ke4 58. Nxg7 $2 (58. Rd6 $18 {has better winning chances.}) 58... Rc5 $2 {[%mdl 8192] [#]} (58... Rf3 $16) 59. Rd6 $2 (59. Rh6 $1 $18) 59... Ke5 $2 (59... Rxc4 $16 60. Rd1 Rec7) 60. Rd1 {White is clearly winning.} Rxc4 61. Re3+ Kf6 62. Rf1+ {Both players deserved the win here.  Weighted Error Value: White=0.65/Black=0.61} 1-0

[Event "EWCCC Online Preliminary-D 2020"]
[Site "Online"]
[Date "2020.12.19"]
[Round "8.3"]
[White "Sandu, Mihaela"]
[Black "Narva, Triin"]
[Result "1/2-1/2"]
[WhiteElo "2268"]
[BlackElo "2100"]
[Annotator "TA"]
[PlyCount "132"]
[EventDate "2020.12.19"]
[EventType "team-tourn"]
[EventCountry "NET"]
[SourceTitle "playchess.com"]
[Source "ChessBase"]
[SourceQuality "1"]

{[%evp 11,132,35,44,38,42,39,38,37,33,36,46,38,63,34,215,190,204,198,185,187,248,118,112,22,10,14,27,29,29,0,0,0,0,0,0,0,0,0,0,-360,0,-135,-125,-246,-251,-532,-251,-750,-331,-321,-317,-597,-589,-661,-418,-416,-316,-420,-426,-395,-325,-324,-300,-300,-264,-272,-277,-298,-227,-221,-141,-163,-92,-101,-114,-159,-159,-159,-159,-210,-200,-240,-71,-237,-82,-87,-18,-56,-28,-21,-22,-22,473,-222,-83,-201,0,-435,-29,-422,-476,-516,-420,-252,-62,-62,-62,-62,-62,-82,-88,-12845,-82,-82,0,0,0,-15,0,0,0,-15,0]} 1. e4 d5 2. exd5 Qxd5 3. Nc3 Qd6 4. d4 Nf6 5. Nf3 Nc6 6. Be3 a6 7. g3 {B01: Scandinavian Defence.} Bg4 8. h3 Bh5 9. Bg2 {White is slightly better.} e6 10. O-O O-O-O 11. a3 h6 12. b4 g5 $2 {[#]} ({Better is} 12... e5 $1 $14) 13. g4 $146 ({Predecessor:} 13. b5 Na5 14. Qb1 Bg6 15. Ne5 Nd5 16. Nxd5 exd5 17. bxa6 Qxa6 18. a4 Bg7 19. Qa2 {1-0 (35) Nguyen,T (2569)-Brozka,K (1991) Pardubice 2020}) 13... Bg6 14. b5 $1 {[%cal Rb5c6]} Na5 ({Much weaker is} 14... axb5 $6 15. Nxb5 Qd5 16. Qe2) 15. Ne5 Nd5 (15... axb5 $142 16. f4 (16. Nxb5 Qa6 $16) (16. Nxg6 fxg6 17. Nxb5 Qa6 $16) 16... Nd7) 16. Nxd5 (16. Qe1 $1 $18 {is more deadly.} Nxe3 17. fxe3) 16... exd5 $16 17. bxa6 (17. a4 $16) 17... Qxa6 $11 18. Re1 Bg7 19. Bf1 Nc4 20. Nxc4 dxc4 21. Bg2 Rd7 22. c3 Rhd8 23. Qf3 c6 24. a4 Qa5 25. Bc1 $2 {[%mdl 8192] [#]} (25. Bf1 $11) 25... Bd3 $2 (25... Bxd4 $1 $19 {[%mdl 512]} 26. Bxg5 (26. cxd4 Qxe1+) 26... Bxc3 27. Bxd8 Rxd8) 26. Ba3 (26. Bb2 $11 {keeps the balance.}) 26... Qxc3 $17 27. Bc5 (27. a5 $17 Qxd4 28. a6 $1 {[%mdl 512]}) 27... Bxd4 $19 28. Rec1 $2 (28. Bxd4 Qxd4 29. a5) 28... Qb2 (28... Qxa1 $142 29. Rxa1 Bxa1) 29. Ba3 $2 (29. Bxd4 Rxd4 30. a5) 29... Qe2 (29... Qb3 $142 30. Rcb1 Bxa1 31. Rxb3 cxb3) 30. Qxe2 Bxe2 31. Rab1 $2 (31. Ra2 {only move.} Bd3 32. Bb4) 31... Bd3 32. a5 c3 33. Rb3 Bc4 34. Rbxc3 Bxc3 35. Rxc3 Bb5 36. Bc5 Rd1+ 37. Kh2 Re8 38. Rf3 Re5 39. Bb6 Bc4 40. Rf6 Ree1 41. Rxh6 Bd5 ({Black should try} 41... Kd7 $19 42. Rh5 f6) 42. Rh8+ $17 Kd7 43. Rd8+ Ke7 44. Rb8 Bxg2 45. Kxg2 {[%mdl 4096] Endgame KRR-KRB} (45. Rxb7+ $17 Rd7 46. Rxd7+ Kxd7 47. Kxg2) 45... Rg1+ 46. Kf3 Rd3+ $2 (46... Rd7 $19 {Strongly threatening ...Ra1.} 47. Rh8 Ra1) 47. Ke2 $2 (47. Be3 $17) 47... Rxh3 $2 (47... Rd7 $19 48. Bc5+ Ke6 49. Re8+ Kf6) 48. Rxb7+ Kd6 (48... Ke6 $17 49. a6 Rxg4) 49. a6 $1 $11 Ra1 50. a7 Ra2+ 51. Kf1 Rb3 $2 {[%mdl 8192]} (51... c5 $11 52. Rxf7 Kc6) 52. Rb8 $4 {[%mdl 8192]} (52. Bc7+ $18 {was the only winning move.} Ke6 53. Rxb3 Ra1+ 54. Kg2 Rxa7 55. Bd8) 52... Kd5 (52... Rb1+ $19 53. Kg2 Rxb6 $1 {[%mdl 512]} 54. Rxb6 Rxa7) 53. Rd8+ (53. Be3 $17 Rxe3 54. Rd8+ Kc4 55. fxe3 Rxa7 56. Rg8) 53... Kc4 $2 (53... Ke4 $1 $19 {[%cal Re4f3] And now ...Kf3 would win.} 54. a8=Q Rxa8 55. Rxa8 Rxb6) 54. Be3 $2 {[%mdl 8192] [#]} (54. a8=Q $11 Rb1+ 55. Kg2 Rxa8 56. Rxa8 Rxb6 57. Rf8) 54... Rba3 $2 ({Black should play} 54... Rxe3 $1 $19 {[%mdl 512]} 55. fxe3 Rxa7) 55. Rf8 $2 {[%mdl 8192] [#]} (55. Rc8 $11) 55... Rxe3 $1 $19 56. fxe3 Rxa7 {KR-KR} 57. Ke2 Kd5 $2 (57... c5 $19 58. Rd8 Ra6) 58. Rd8+ Ke6 59. Kf3 Rc7 60. Ke4 c5 {...c4 is the strong threat.} 61. Kd3 $2 {[%mdl 8192] [#] Cut Off at move 61} (61. Re8+ $17 Re7 62. Rd8) 61... f6 $2 (61... Rd7+ $1 $19 62. Rxd7 Kxd7) 62. Kc4 $17 Ke5 (62... Ra7 $17 {aiming for ...Ra4+.} 63. Kxc5 Ra5+ 64. Kc6 Ra4) 63. Re8+ $1 $11 {The position is equal.} Kd6 64. Rd8+ Ke5 65. Re8+ $1 Kd6 66. Rd8+ Ke5 {Quite a comeback for White.  Weighted Error Value: White=0.96/Black=0.90} 1/2-1/2

[Event "EWCCC Online Preliminary-D 2020"]
[Site "Online"]
[Date "2020.12.19"]
[Round "8.3"]
[White "Olde, Margareth"]
[Black "Velikic, Adela"]
[Result "1/2-1/2"]
[WhiteElo "2233"]
[BlackElo "2278"]
[Annotator "TA"]
[PlyCount "122"]
[EventDate "2020.12.19"]
[EventType "team-tourn"]
[EventCountry "NET"]
[SourceTitle "playchess.com"]
[Source "ChessBase"]
[SourceQuality "1"]

{[%evp 10,122,16,9,18,0,38,0,42,43,61,50,51,50,53,47,68,47,62,62,69,58,59,61,60,27,35,41,39,20,64,53,67,32,62,0,0,0,0,0,0,0,0,0,0,-23,-28,-23,-17,-16,-20,-14,-11,-17,-12,-66,-64,-101,-90,-85,-91,-83,-72,-166,-164,-192,-191,-231,-222,-228,0,-216,-214,-312,-328,-295,-120,-122,-7,-83,0,0,0,-17,-8,-19,-21,-18,0,0,0,-8,0,0,0,0,0,0,0,0,0,0,0,0,0,0,0,0,0,0,0,0,0,0,0]} 1. d4 d5 2. c4 c6 3. Nf3 Nf6 4. e3 Bg4 5. Nbd2 e6 6. Bd3 Nbd7 {D11: Slav Defence: 3 Nf3 sidelines and 3...Nf6 4 e3 Bg4.} 7. Qc2 Be7 8. O-O Bxf3 9. Nxf3 O-O 10. b3 {[#]} h6 $146 ({Predecessor:} 10... Rc8 11. c5 h6 12. Bb2 Qc7 13. b4 Ne8 14. Ne5 Nef6 15. f4 Nxe5 16. fxe5 Nd7 {1-0 (34) Khurtsidze,N (2455)-Sheremetieva,M (2329) Bled 2002}) 11. Bb2 a5 12. a3 Rc8 13. Rac1 Bd6 14. c5 Bb8 15. b4 axb4 16. axb4 Qe7 17. b5 e5 18. bxc6 bxc6 {[#] aiming for ...e4.} 19. Ba6 Rce8 {With the idea ...e4.} 20. dxe5 Nxe5 21. Bxe5 (21. Nd4 {seems wilder.} Qc7 22. g3 Ba7 23. Be2 Ne4 24. Kg2) 21... Bxe5 22. Qf5 (22. Qa4 $14) 22... Ne4 $11 23. Nxe5 Qxe5 24. Qxe5 Rxe5 25. f3 Nf6 26. Bb7 Re6 27. Ra1 Nd7 28. Rfc1 Rb8 29. Ra8 Rxa8 ({Inferior is} 29... Rxe3 30. Bxc6 Rxa8 31. Bxa8 $16) 30. Bxa8 {[%mdl 4096] Endgame KRB-KRN} Kf8 31. Kf2 Ke7 32. Bb7 (32. Ke2 $11) 32... Kd8 $15 33. Ke2 Kc7 34. Ba6 Re8 35. Bd3 Ra8 36. f4 (36. Bf5 $17) 36... Ra5 $19 37. Bf5 Nxc5 38. Kf3 Kd6 39. Rb1 Kc7 $2 (39... Ra3 $19 {...g6 is the strong threat.} 40. Rb4 g6) 40. h4 $2 (40. Rc1 $11) 40... Ra3 41. Ke2 (41. h5 $142) 41... Ra2+ 42. Kf3 Kd6 (42... g6 $19 43. Rc1 Nb3) 43. Rb8 $17 Ne6 ({Black should try} 43... g6 $17 44. Bb1 Ra3 45. Rd8+ Ke7) 44. Rg8 {[#]} (44. Bxe6 $11 {remains equal.} Kxe6 45. Re8+ Kf6 46. Rc8) 44... g6 (44... Ra7 $1 $17) 45. Bxe6 $11 {The position is equal.} Kxe6 {KR-KR} ({Much worse is} 45... fxe6 46. Rxg6 c5 47. f5 $14 (47. Rxh6 c4 $11)) 46. Rc8 Rc2 47. g4 Rc3 {Threatens to win with ...d4.} 48. Ke2 Rc2+ 49. Kd3 Rc1 50. g5 hxg5 51. hxg5 Rc4 52. Re8+ Kd7 53. Rf8 Ke7 54. Rc8 f6 55. gxf6+ Kxf6 56. Rf8+ Ke6 57. Rg8 Kf7 58. Rc8 Kf6 59. Rf8+ Ke6 60. Rg8 Kf5 61. Rf8+ Ke6 {And White is the lucky defender.  Weighted Error Value: White=0.24/Black=0.19} 1/2-1/2

[Event "EWCCC Online Preliminary-D 2020"]
[Site "Online"]
[Date "2020.12.19"]
[Round "8.3"]
[White "Narva, Regina"]
[Black "Maisuradze, Nino"]
[Result "0-1"]
[WhiteElo "1901"]
[BlackElo "2214"]
[Annotator "NA RC"]
[PlyCount "58"]
[EventDate "2020.12.19"]
[EventType "team-tourn"]
[EventCountry "NET"]
[SourceTitle "playchess.com"]
[Source "ChessBase"]
[SourceQuality "1"]
[TimeControl "900+5"]

1. e4 {[%emt 0:00:00]} c5 {[%emt 0:00:03]} 2. Nc3 {[%emt 0:00:07]} Nc6 {[%emt 0:00:03]} 3. Nf3 {[%emt 0:00:10]} e5 {[%emt 0:00:32]} 4. g3 {[%emt 0:00:04]} d6 {[%emt 0:00:06]} 5. Bg2 {[%emt 0:00:15]} Bg4 {[%emt 0:00:13]} 6. h3 {[%emt 0:00:04]} Be6 {[%emt 0:00:01]} 7. d3 {[%emt 0:00:05]} Be7 {[%emt 0:00:08]} 8. Nh2 {[%emt 0:00:15]} Qd7 {[%emt 0:00:13]} 9. g4 {[%emt 0:00:04]} h5 {[%emt 0:00:17]} 10. Be3 {[%emt 0:00:17]} hxg4 {[%emt 0:00:06]} 11. Nxg4 {[%emt 0:00:08]} Nd4 {[%emt 0:00:33]} 12. Nd5 {[%emt 0:00:15]} Bh4 {[%emt 0:01:26]} 13. c3 {[%emt 0:00:18]} Nc6 {[%emt 0:00:08]} 14. Qe2 {[%emt 0:00:35]} Nge7 {[%emt 0:00:07]} 15. O-O-O {[%emt 0:00:14]} O-O-O {[%emt 0:00:09]} 16. f4 {[%emt 0:00:57]} exf4 {[%emt 0:00:41]} 17. Bxf4 {[%emt 0:00:18]} Ng6 {[%emt 0:00:05]} 18. Be3 {[%emt 0:00:28]} Rde8 {[%emt 0:00:21]} 19. c4 {[%emt 0:03:12]} f5 {[%emt 0:00:47]} 20. Nf2 {[%emt 0:00:27]} Bg3 {[%emt 0:01:35]} 21. exf5 {[%emt 0:00:36]} Bxd5 {[%emt 0:00:23]} 22. cxd5 {[%emt 0:00:36]} Nd4 {[%emt 0:01:19]} 23. Qd2 {[%emt 0:01:59]} Rxe3 {[%emt 0:00:12]} 24. fxg6 {[%emt 0:02:27]} Re2 {[%emt 0:00:19]} 25. Qa5 {[%emt 0:00:05]} Bxf2 {[%emt 0:01:05]} 26. h4 {[%emt 0:00:35]} Be3+ {[%emt 0:00:05]} 27. Kb1 {[%emt 0:00:06]} Rxg2 {[%emt 0:00:04]} 28. Qxa7 {[%emt 0:00:03]} Rxb2+ {[%emt 0:00:26]} 29. Ka1 {[%emt 0:00:55]} Qb5 {[%emt 0:00:03]} 0-1